00321nam a2200133Ia 4500008004100000020001500041041001200056082001600068100001500084245002500099260003800124300000900162650001600171221030s9999 xx 000 0 und d a0074002942 aEnglish a105.23bPra aN. Prakash 0aData Base Management bMcGraw-Hill Pub.aNew Delhic2000 a2000 aBE Computer